[Event "77th LOTTO POL-ch 2020"]
[Site "Warsaw"]
[Date "2020.07.26"]
[Round "3.6"]
[White "Gajewski, Grzegorz"]
[Black "Piorun, Kacper"]
[Result "0-1"]
[WhiteElo "2515"]
[BlackElo "2539"]
[Annotator "TA"]
[PlyCount "104"]
[EventDate "2020.07.21"]
[EventType "k.o."]
[EventCountry "POL"]
[SourceTitle "playchess.com"]
[Source "ChessBase"]
[SourceQuality "1"]

{[%evp 12,104,22,-2,6,6,14,12,15,0,0,0,9,0,14,10,60,40,62,50,35,0,72,1,0,-13,-13,-26,-13,-14,-12,-3,31,16,44,35,54,-24,0,-17,105,-131,-106,-177,-205,-195,-143,-502,-508,-631,-616,-1421,-1389,-1619,-455,-436,-453,-434,-321,-433,-421,-474,-432,-470,-464,-512,-456,-513,-506,-590,-571,-567,-583,-583,-577,-562,-558,-541,-535,-736,-648,-781,-566,-683,-677,-670,-670,-610,-594,-714,-641,-688,-683,-675,-670]} 1. c4 Nf6 2. g3 g6 3. Bg2 Bg7 4. Nc3 O-O 5. e3 d6 6. Nge2 e5 7. d4 exd4 {E61: King's Indian: Early deviations for White, including Smyslov System.} 8. Nxd4 Re8 9. O-O Nbd7 {The position is equal.} 10. h3 Nc5 11. Qc2 a5 12. b3 h5 13. Bb2 h4 14. g4 $1 {[#]} c6 $146 ({Predecessor:} 14... Nxg4 15. hxg4 Bxg4 16. f3 Bd7 17. Qf2 Qg5 18. f4 Qh6 19. Rad1 h3 20. Bf3 c6 {1-0 (84) Erigaisi,A (2559)-Travadon,L (2431) chess.com INT 2020}) 15. Rae1 Qe7 16. Rd1 Nh7 (16... Nxg4 $11 17. hxg4 Bxg4) 17. Nf3 (17. e4 $16) 17... f5 $11 18. gxf5 Bxf5 19. Qe2 g5 20. Nd4 Bd7 21. Kh1 Kh8 22. Rg1 Qf7 23. Qc2 Rf8 24. Rdf1 ({White should play} 24. Rd2 $14) 24... Rae8 25. Nce2 Qh5 (25... Qe7 $11 {remains equal.}) 26. Qd1 $2 (26. Nf4 $1 $16 {[%cal Rf4h5]} gxf4 27. Bf3) 26... Nf6 27. Nc2 (27. f4 $17 {keeps fighting.}) 27... Nfe4 $1 $19 28. Bxg7+ Kxg7 29. Qd4+ $2 {[%mdl 8192] This costs White the game.} (29. Kh2 $17 {is more resistant.}) 29... Kh7 30. f3 Ng3+ 31. Nxg3 hxg3 32. Qxd6 {[#]} Bxh3 (32... Rf4 $142 $3 {[%mdl 512]} 33. Qc7 {[#]} (33. exf4 Bxh3) 33... Rh4 $1 {[%mdl 512]} 34. Qxg3 Bxh3 35. Bxh3 Rxh3+ {[%mdl 64] Double Attack} 36. Kg2 Rxg3+ 37. Kxg3 Kg7) 33. Qxg3 Bf5+ {[%mdl 64] Discovered Attack} 34. Qh2 Qxh2+ 35. Kxh2 Bxc2 {Black is clearly winning.} 36. e4 Bd3 37. Re1 {[#]} g4 $1 38. fxg4 Bxe4 39. Bxe4+ Rxe4 40. Rxe4 Nxe4 {[%mdl 4096] Endgame KRN-KR} 41. Re1 Rf4 42. Kh3 Kg6 43. Kh4 Kf6 44. Re2 Ke5 45. Re1 Rf8 {[%cal Rf8h8]} 46. Kh3 Rh8+ 47. Kg2 Kf4 48. Rf1+ Kxg4 49. Rf7 Nc5 50. Kf2 Re8 51. Rg7+ Kf4 52. Rf7+ Ke4 {Accuracy: White = 49%, Black = 74%.} 0-1

[Event "77th LOTTO POL-ch 2020"]
[Site "Warsaw"]
[Date "2020.07.26"]
[Round "3.7"]
[White "Gajewski, Grzegorz"]
[Black "Piorun, Kacper"]
[Result "1-0"]
[WhiteElo "2515"]
[BlackElo "2539"]
[Annotator "TA"]
[PlyCount "76"]
[EventDate "2020.07.21"]
[EventType "k.o."]
[EventCountry "POL"]
[SourceTitle "playchess.com"]
[Source "ChessBase"]
[SourceQuality "1"]

{[%evp 16,76,27,35,48,33,62,75,68,68,79,72,74,87,85,69,101,99,102,117,108,110,191,189,174,179,143,153,224,254,238,246,305,282,376,362,293,250,248,13,12,0,0,0,0,0,0,0,0,28,625,625,600,592,724,724,724,724,724,724,29986,724,671]} 1. c4 Nf6 2. Nc3 c5 3. g3 g6 4. Bg2 Bg7 5. Nf3 O-O 6. d4 cxd4 7. Nxd4 Nc6 8. O-O Qa5 9. e3 {The modern move.} Qb4 {A39: Symmetrical English vs ...g6: 4 Bg2 Bg7 5 Nf3 Nf6 6 0-0 0-0 7 d4.} 10. Qe2 {[#]} Nxd4 $146 ({Predecessor:} 10... d6 11. Nxc6 bxc6 12. Bxc6 Rb8 13. Rb1 Bg4 14. Qd3 Rfc8 15. Bb5 Rxb5 16. cxb5 Bf5 17. e4 Nxe4 {1-0 (26) Lozano,A (1886)-Laohawirapap,P (1821) Bangkok 2020}) 11. exd4 Re8 {White is better.} 12. a3 Qa5 13. b4 Qd8 14. h3 $36 {[%mdl 2048] White is on the roll.} d6 15. Be3 Rb8 16. Rfd1 Bd7 17. Rac1 Qc8 18. Kh2 b6 {[#]} (18... a6 $16 {keeps fighting.}) 19. c5 $1 $18 bxc5 20. dxc5 dxc5 21. Bxc5 {[%mdl 64] Double Attack, Discovered Attack} Bc6 (21... Bh6 $16) 22. Bxc6 Qxc6 23. Bxa7 Ra8 24. Nd5 Qa4 {Threatens to win with ...Nxd5.} 25. Nxe7+ Kh8 26. Bc5 Ng8 27. b5 $2 ({Better is} 27. Rd3 $18) 27... Nxe7 $11 28. Bxe7 Qa7 $1 29. Bc5 {aiming for Qxe8+!} Rxe2 30. Bxa7 Rxa7 31. Rd8+ Bf8 $1 {...Kg7 is the strong threat.} 32. b6 Rxa3 $2 {[%mdl 8192] This costs Black the game.} (32... Rae7 $11 33. Kg2 (33. Rxf8+ Kg7 $11) 33... Kg7) 33. b7 $18 Rxf2+ 34. Kg1 Raa2 35. b8=Q {White wants to mate with Qe5+.} Rg2+ 36. Kf1 Rgf2+ {[#]} 37. Ke1 $1 {White threatens Qe5+ and mate.} Rae2+ 38. Kd1 Kg7 {Accuracy: White = 83%, Black = 51%.} 1-0